ბათუმის შოთა რუსთაველის სახელმწიფო უნივერსიტეტის ბიბლიოთეკა

ქართული ენის სწავლება V კლასში / (ბიბ.ჩანაწერი № 53291)

000 -ლიდერი
ფიქსირებული სიგრძის საკონტროლო ველი 01373nam a2200265Ia 4500
001 - საკონტროლო ნომერი
საკონტროლო ველი 20332
003 - საკონტროლო ნომრის იდენტიფიკატორი
საკონტროლო ველი GE_BSU
005 - ბოლო ოპერაციის თარიღი და დრო
საკონტროლო ველი 20200914215221.0
008 - ფიქსირებული სიგრძის მონაცემთა ელემენტები - ზოგადი ინფორმაცია
ფიქსირებული სიგრძის საკონტროლო ველი 181216s1952||||ge |||||||||||||| ||geo||
040 ## - კატალოგიზაციის წყარო
Transcribing agency GE_BSU
041 ## - ენის კოდი
Language code of text/sound track or separate title geo
080 ## - უნივერსალური ათობითი კლასიფიკაციის ინდექსი
Universal Decimal Classification number 811.353.1(072) თ-25
100 ## - მთავარი ჩანაწერი - პიროვნების სახელი
Personal name თალაკვაძე, თ.
9 (RLIN) 9535
245 ## - ცნობა სათაურის შესახებ
Title ქართული ენის სწავლება V კლასში /
Statement of responsibility, etc თ.თალაკვაძე, ვ. რამიშვილი, კ. გუგუშვილი ; რედ. აკ. თოფურია.
264 ## - წარმოების, გამოცემის, დისტრიბუციის და სხვა ცნობები
გამოცემის, წარმოების, დისტრიბუციის... ადგილი თბილისი :
გამოცემის, წარმოების, დისტრიბუციის... სახელწოდება ინსტიტუტის გამომცემლობა,
გამოცემის, წარმოების, დისტრიბუციის... თარიღი 1952.
300 ## - ფიზიკური აღწერა
Extent 183 გვ. ;
Dimensions 21 სმ.
653 ## - INDEX TERM--UNCONTROLLED
Uncontrolled term ქართული ენა
653 ## - INDEX TERM--UNCONTROLLED
Uncontrolled term ქართული ენის სწავლება V კლასში
700 ## - ADDED ENTRY--PERSONAL NAME
Personal name რამიშვილი, ვ.
Relator term ავტორი
9 (RLIN) 9536
700 ## - ADDED ENTRY--PERSONAL NAME
Personal name გუგუშვილი, კ.
Relator term ავტორი
9 (RLIN) 9340
700 ## - ADDED ENTRY--PERSONAL NAME
Personal name თოფურია, აკ.
Relator term რედაქტორი
9 (RLIN) 9536
710 ## - ADDED ENTRY--CORPORATE NAME
Corporate name or jurisdiction name as entry element საქართველოს სსრ განათლების სამინისტროს პედაგოგიურ მეცნიერებათა ინსტიტუტი
9 (RLIN) 9537
942 ## - ADDED ENTRY ELEMENTS (KOHA)
Koha item type წიგნი
Source of classification or shelving scheme
ეგზემპლარები
ჩამოწერის სტატუსი დაკარგული ეგზემპლარის სტატუსი კლასიფიკაციის წყარო ან თაროზე გაწყობის სქემა დაზიანების სტატუსი არ გაიცემა მუდმივი მდებარეობა (დაცვის ადგილი) ამჟამინდელი ადგილსამყოფელი თაროზე განთავსების ადგილი შეძენის თარიღი ღირებულება, შესყიდვის ნორმალური ფასი სრული შენახვის შიფრი შტრიხკოდი ბოლო ოპერაციის თარიღი ეგზემპლარის მიმდევრობითი ნომერი (კეტერი?) ფასის ძალაში შესვლის თარიღი ეგზემპლარის სახეობა საჯარო შენიშვნა
          ბათუმის შოთა რუსთაველის სახელმწიფო უნივერსიტეტის მთავარი ბიბლიოთეკა ბათუმის შოთა რუსთაველის სახელმწიფო უნივერსიტეტის მთავარი ბიბლიოთეკა წიგნსაცავი 2018-12-17 1.12 811.353.1(072) თ-25 53153 2018-12-17 53153 2018-12-17 წიგნი 1.12 ლ
          ბათუმის შოთა რუსთაველის სახელმწიფო უნივერსიტეტის მთავარი ბიბლიოთეკა ბათუმის შოთა რუსთაველის სახელმწიფო უნივერსიტეტის მთავარი ბიბლიოთეკა წიგნსაცავი 2018-12-17 1.12 811.353.1(072) თ-25 53154 2018-12-17 53154 2018-12-17 წიგნი 1.12 ლ
          ბათუმის შოთა რუსთაველის სახელმწიფო უნივერსიტეტის მთავარი ბიბლიოთეკა ბათუმის შოთა რუსთაველის სახელმწიფო უნივერსიტეტის მთავარი ბიბლიოთეკა წიგნსაცავი 2018-12-17 1.12 811.353.1(072) თ-25 53155 2018-12-17 53155 2018-12-17 წიგნი 1.12 ლ
          ბათუმის შოთა რუსთაველის სახელმწიფო უნივერსიტეტის მთავარი ბიბლიოთეკა ბათუმის შოთა რუსთაველის სახელმწიფო უნივერსიტეტის მთავარი ბიბლიოთეკა წიგნსაცავი 2018-12-17 1.12 811.353.1(072) თ-25 53156 2018-12-17 53156 2018-12-17 წიგნი 1.12 ლ
          ბათუმის შოთა რუსთაველის სახელმწიფო უნივერსიტეტის მთავარი ბიბლიოთეკა ბათუმის შოთა რუსთაველის სახელმწიფო უნივერსიტეტის მთავარი ბიბლიოთეკა წიგნსაცავი 2018-12-17 1.12 811.353.1(072) თ-25 53157 2018-12-17 53157 2018-12-17 წიგნი 1.12 ლ
          ბათუმის შოთა რუსთაველის სახელმწიფო უნივერსიტეტის მთავარი ბიბლიოთეკა ბათუმის შოთა რუსთაველის სახელმწიფო უნივერსიტეტის მთავარი ბიბლიოთეკა წიგნსაცავი 2018-12-17 1.12 811.353.1(072) თ-25 53158 2018-12-17 53158 2018-12-17 წიგნი 1.12 ლ